00537nam a2200169Ia 4500008004000000020001600040082001700056100001800073245002400091260003400115300001100149650002500160690002300185906001200208999001900220952012800239210210b2000 xxu||||| |||| 00| 0 eng d a81 74462155 a658.001 ADHB aADHIKARY (M). aBusiness economics. aNew Delhi.bExcel Booksc2000 axi,615 aBusiness Economics  aBusiness Economics aSG03536 c114183d114183 001040708ManagementaALbALcManagementd2021-02-17g0.00l0o658.001 ADHBpSG03536r2021-02-17 00:00:00w2021-02-17ySG